000 00265nam a22001217a 4500
003 SGT
082 _a200
_bM11A
100 _aALI, ASGHAR
245 _aMAKING SENSE OF AYODHYA VERDICT
260 _b VITASTA PUB. PVT. LTD.
_c2011
300 _a246
942 _2ddc
_cBK
999 _c31918
_d31918